00410nam a2200157Ia 4500003000400000005001700004008004000021020001800061040000700079041000800086082001600094100001800110245007500128260003800203300001100241OSt20260303103121.0210210b2008 xxu||||| |||| 00| 0 eng d a9788129113726 cAL aeng a820.33 BHAT aChetan Bhagat aThree mistakes of my lifeb: Story about business cricket and religion aNew DelhibRupa and Companyc2008 axx,257